MARC details
| 000 -LEADER |
| fixed length control field |
02993nam a22003857a 4500 |
| 001 - CONTROL NUMBER |
| control field |
104093 |
| 003 - CONTROL NUMBER IDENTIFIER |
| control field |
KnowledgeUnlatched |
| 005 - DATE AND TIME OF LATEST TRANSACTION |
| control field |
20210303104949.0 |
| 006 - FIXED-LENGTH DATA ELEMENTS--ADDITIONAL MATERIAL CHARACTERISTICS |
| fixed length control field |
m o d |
| 007 - PHYSICAL DESCRIPTION FIXED FIELD--GENERAL INFORMATION |
| fixed length control field |
cr u|||||||||| |
| 008 - FIXED-LENGTH DATA ELEMENTS--GENERAL INFORMATION |
| fixed length control field |
210129p20162020xxk o u00| u eng d |
| 037 ## - SOURCE OF ACQUISITION |
| Institution to which field applies |
BiblioBoard |
| 020 ## - INTERNATIONAL STANDARD BOOK NUMBER |
| International Standard Book Number |
9781781388624 |
| 024 8# - OTHER STANDARD IDENTIFIER |
| Standard number or code |
https://doi.org/10.5949/liverpool/9781781383094.001.0001 |
| 029 1# - OTHER SYSTEM CONTROL NUMBER (OCLC) |
| OCLC library identifier |
https://library.biblioboard.com/ext/api/media/0bd24958-2de8-43c9-af98-f17262dd939e/assets/thumbnail.jpg |
| 040 ## - CATALOGING SOURCE |
| Original cataloging agency |
ScCtBLL |
| Transcribing agency |
ScCtBLL |
| 100 1# - MAIN ENTRY--PERSONAL NAME |
| Personal name |
Knox, Katelyn E. |
| Relator term |
author. |
| 245 00 - TITLE STATEMENT |
| Title |
Race on Display in 20th- and 21st Century France |
| Statement of responsibility, etc. |
Katelyn E. Knox. |
| 264 #1 - PRODUCTION, PUBLICATION, DISTRIBUTION, MANUFACTURE, AND COPYRIGHT NOTICE |
| Name of producer, publisher, distributor, manufacturer |
Liverpool University Press, |
| 300 ## - PHYSICAL DESCRIPTION |
| Extent |
1 online resource (1 p.) |
| 490 1# - SERIES STATEMENT |
| Series statement |
Contemporary French and Francophone Cultures |
| 506 0# - RESTRICTIONS ON ACCESS NOTE |
| Terms governing access |
Access copy available to the general public. |
| Standardized terminology for access restriction |
Unrestricted |
| Source of term |
star |
| 520 ## - SUMMARY, ETC. |
| Summary, etc. |
In Race on Display in 20th- and 21st-Century France Knox turns the tables France's rhetoric of 'internal otherness', asking her reader not to spot those deemed France's others but rather to deconstruct the very gazes that produce them. Weaving together a vast corpus of colonial French children's comics, Francophone novels, and African popular music, fashion, and dance, Knox traces how the ways colonial 'human zoos' invited their French spectators to gaze on their colonized others still inform the frameworks through which racial and ethnic minorities are made-and make themselves-visible in contemporary France. In addition to analyzing how literature and music depicting immigrants and their descendants in France make race and ethnicity visible, Knox also illustrates how the works she analyzes self-reflexively ask whether they, as commodities sold within wider cultural marketplaces, perpetuate the culture of exoticism they seek to contest. Finally, Knox contends that to take seriously the way the texts interrogate the relationship between power, privilege, and the gaze also requires reconsidering the visions of normalcy from which racial and ethnic minorities supposedly depart. She thus concludes by exposing a critical 'blind spot' in French cultural studies-whiteness-before subjecting it to the same scrutiny France's 'visible minorities' face. |
| 588 0# - SOURCE OF DESCRIPTION NOTE |
| Source of description note |
Description based on print version record. |
| 590 ## - LOCAL NOTE (RLIN) |
| Local note |
KU Select 2019: HSS Backlist Books |
| 650 #7 - SUBJECT ADDED ENTRY--TOPICAL TERM |
| Topical term or geographic name entry element |
Literary Criticism / European / French |
| Source of heading or term |
bisacsh |
| 650 #0 - SUBJECT ADDED ENTRY--TOPICAL TERM |
| Topical term or geographic name entry element |
Literature |
| General subdivision |
History and criticism |
| 655 #0 - INDEX TERM--GENRE/FORM |
| Genre/form data or focus term |
Electronic books. |
| 758 ## - |
| -- |
Is found in: |
| -- |
Knowledge Unlatched |
| -- |
https://openresearchlibrary.org/module/2774bc74-146a-484f-a7ba-ab1d6a09bbfb |
| 830 0# - SERIES ADDED ENTRY--UNIFORM TITLE |
| Uniform title |
Contemporary French and Francophone Cultures |
| 856 40 - ELECTRONIC LOCATION AND ACCESS |
| Uniform Resource Identifier |
<a href="https://openresearchlibrary.org/content/0bd24958-2de8-43c9-af98-f17262dd939e">https://openresearchlibrary.org/content/0bd24958-2de8-43c9-af98-f17262dd939e</a> |
| Public note |
View this content on Open Research Library. |
| -- |
0 |